LEADER 01992nam 2200553 a 450 001 9910461495603321 005 20200520144314.0 010 $a1-61324-439-8 035 $a(CKB)2670000000090594 035 $a(EBL)3019854 035 $a(SSID)ssj0000569506 035 $a(PQKBManifestationID)12208474 035 $a(PQKBTitleCode)TC0000569506 035 $a(PQKBWorkID)10541449 035 $a(PQKB)11523668 035 $a(MiAaPQ)EBC3019854 035 $a(Au-PeEL)EBL3019854 035 $a(CaPaEBR)ebr10671419 035 $a(OCoLC)722328962 035 $a(EXLCZ)992670000000090594 100 $a20090731d2010 uy 0 101 0 $aeng 135 $aur|n|---||||| 181 $ctxt 182 $cc 183 $acr 200 00$aMental illnesses$b[electronic resource] $edescriptions, causes and treatments /$fJeremias Koch, editor 210 $aNew York $cNova Science Publishers$dc2010 215 $a1 online resource (98 p.) 225 1 $aMental illnesses and treatments series 300 $aDescription based upon print version of record. 311 $a1-60741-652-2 320 $aIncludes bibliographical references and index. 327 $aBipolar disorder with addendum bipolar / National Institute of Mental Health -- A story of bipolar disorder (manic-depressive illness) : does this sound like you? / National Institute of Mental Health -- Comorbidity : addiction and other mental illnesses / National Institute on Drug Abuse -- Schizophrenia / National Institute of Mental Health. 410 0$aMental illnesses and treatments. 606 $aManic-depressive illness 606 $aDual diagnosis 608 $aElectronic books. 615 0$aManic-depressive illness. 615 0$aDual diagnosis. 676 $a616.89/5 701 $aKoch$b Jeremias$0859100 801 0$bMiAaPQ 801 1$bMiAaPQ 801 2$bMiAaPQ 906 $aBOOK 912 $a9910461495603321 996 $aMental illnesses$91917526 997 $aUNINA LEADER 01070nas a2200265 i 4500 001 991001817559707536 005 20231109125415.0 008 120920c19579999it mx p 0 b0ita d 022 $a0021-2822 035 $ab14075398-39ule_inst 040 $aDi.S.Te.B.A.$beng 229 0 $aItalia nostra 245 10$aItalia nostra :$bbollettino dell' Associazione nazionale italiana per la tutela del patrimonio artistico e naturale 260 $aRoma :$bAssociazione nazionale Italia nostra,$c1957- 300 $a v. :$bill. ;$c24 cm 592 $aLE003 1983-1990; lac.: 1984-1985;1989-1990; 650 0$aHistoric sites$xConservation and restoration$zItaly$vPeriodicals 651 0$aItaly$xAntiquities$xConservation and restoration$vPeriodicals 770 0 $aQuaderni di Italia nostra 907 $a.b14075398$b28-01-14$c20-09-12 912 $a991001817559707536 945 $aLE003 (MAUS)$g1$lle003$og$pE0.00$q-$rn$s- $t18$u0$v0$w0$x0$y.i15442299$z20-09-12 996 $aItalia nostra$9240008 997 $aUNISALENTO 998 $ale003$b20-09-12$cs$da $e-$fita$git $h0$i0 LEADER 02384oas 2200721 a 450 001 9910145972603321 005 20260218111206.0 035 $a(DE-599)ZDB2504444-8 035 $a(OCoLC)424655497 035 $a(CONSER) 2010267504 035 $a(CKB)1000000000717866 035 $a(DE-599)2504444-8 035 $a(EXLCZ)991000000000717866 100 $a20090714a20079999 sy b 101 0 $aspa 135 $aur||||||||||| 181 $ctxt$2rdacontent 182 $cc$2rdamedia 183 $acr$2rdacarrier 200 00$a1611 $erevista de historia de la traduccio?n = a journal of translation history = revista d'histo?ria de la traduccio? 210 $aBarcelona $cGrupo de investigacio?n T-1611, Departamento de Traduccio?n, UAB 311 08$a1988-2963 517 1 $aDiecise?is cien once 517 1 $aMil seiscientos once 606 $aTranslating and interpreting$zSpain$xHistory$vPeriodicals 606 $aTranslating and interpreting$zLatin America$xHistory$vPeriodicals 606 $aLanguage and culture$zSpain$xHistory$vPeriodicals 606 $aLanguage and culture$zLatin America$xHistory$vPeriodicals 606 $aSpanish language$xHistory$vPeriodicals 606 $aLanguage and culture$2fast$3(OCoLC)fst00992135 606 $aSpanish language$2fast$3(OCoLC)fst01128292 606 $aTranslating and interpreting$2fast$3(OCoLC)fst01154795 607 $aLatin America$2fast 607 $aSpain$2fast$1https://id.oclc.org/worldcat/entity/E39PBJqFTrvj6Mhw6JfTGmqJDq 608 $aHistory.$2fast 608 $aPeriodicals.$2fast 615 0$aTranslating and interpreting$xHistory 615 0$aTranslating and interpreting$xHistory 615 0$aLanguage and culture$xHistory 615 0$aLanguage and culture$xHistory 615 0$aSpanish language$xHistory 615 7$aLanguage and culture. 615 7$aSpanish language. 615 7$aTranslating and interpreting. 712 02$aGrup d'investigacio? T-1611. 801 0$bJPG 801 1$bJPG 801 2$bJPG 801 2$bHEBIS 801 2$bOCLCQ 801 2$bOCLCO 801 2$bOCLCQ 801 2$bOCLCF 801 2$bOCLCO 801 2$bOCLCQ 801 2$bOCLCA 801 2$bOCLCQ 801 2$bOCLCL 801 2$bOCLCQ 906 $aJOURNAL 912 $a9910145972603321 996 $a1611$91991209 997 $aUNINA